Witamy w Bibliotece Naukowej Instytutu Łączności!

Transmission of audio and/or video and related signals using infra-red radiation - Part 6: Video and audio - visual signals IEC 61603-6 / (Rekord nr 22079)

000 -LEADER
fixed length control field 00678 a2200145 4500
245 00 - TITLE STATEMENT
Title Transmission of audio and/or video and related signals using infra-red radiation - Part 6: Video and audio - visual signals IEC 61603-6 /
Statement of responsibility, etc ISO, IEC.
246 13 - VARYING FORM OF TITLE
Title proper/short title IEC 61603-6
250 ## - EDITION STATEMENT
Edition statement First edition.
260 ## - PUBLICATION, DISTRIBUTION, ETC. (IMPRINT)
Place of publication, distribution, etc Geneva :
Name of publisher, distributor, etc ISO :
-- IEC,
Date of publication, distribution, etc 2001.
300 ## - PHYSICAL DESCRIPTION
Extent 15 stron ;
Dimensions 30 cm.
336 ## -
-- Tekst
-- txt
-- rdacontent
337 ## -
-- Bez urządzenia pośredniczącego
-- n
-- rdamedia
338 ## -
-- Wolumin
-- nc
-- rdacarrier
710 2# - ADDED ENTRY--CORPORATE NAME
Corporate name or jurisdiction name as entry element Międzynarodowa Organizacja Normalizacyjna.
Location of meeting Instytucja sprawcza
-- Wydawca
Relator code pbl
710 2# - ADDED ENTRY--CORPORATE NAME
Corporate name or jurisdiction name as entry element International Electrotechnical Commission.
Location of meeting Instytucja sprawcza
-- Wydawca
Relator code pbl

Brak dostępnych egzemplarzy.

Działa dzięki Koha